| 000 | 01360nab a2200289 a 4500 | ||
|---|---|---|---|
| 001 | a166545 | ||
| 003 | INTEC | ||
| 005 | 20250425124248.0 | ||
| 006 | a|||||r|||| 00| 0 | ||
| 007 | ta | ||
| 008 | 171124e2017 dr fn|p|rp|||||0| 0 spa d | ||
| 022 | _a 1991-5292 | ||
| 040 |
_aDO-SdINT _cDO-SdINT _dDO-SdBNP _erda |
||
| 041 | _aspa | ||
| 044 | _adr | ||
| 245 |
_aEstudio de casos : _bjuzgado de paz especiales de tránsito. |
||
| 264 |
_aSanto Domingo, República Dominicana : _cene.-jun. 2017. |
||
| 300 | _apáginas. 146-69. | ||
| 336 |
_atexto _btxt _2rdacontent |
||
| 337 |
_asin mediación _bn _2rdamedia |
||
| 338 |
_avolumen _bnc _2rdacarrier |
||
| 362 | _aAño 7, Número. 13, enero-junio 2017. | ||
| 520 | _aEl artículo analiza la problemática social de la discriminación de que son objetos las mujeres en el ámbito laboral, especialmente en las áreas que han sido identificadas como "de hombres". Se hace un estudio comparativo de cara a la legislación laboral dominicana, así como de los derechos y prerrogativas que gozan las mujeres que se encuentran amparados en convenios internacionales firmados y ratificados por la República Dominicana. | ||
| 650 | 0 |
_aTránsito-Legislación _978974 _vPublicaciones periódicas _zRepública Dominicana |
|
| 773 | 0 |
_g7 (13) ; ene.-jun. 2017, p. 146-69 _tJusticia & razón _wu2030 |
|
| 942 |
_2ddc _cISSUE |
||
| 999 |
_c58811 _d58811 |
||